South Eastern Kenya University

Library Online Public Access Catalogue


Fine art flower photography : (Record no. 7742)

MARC details
000 -LEADER
fixed length control field 00830cam a2200277 a 4500
001 - CONTROL NUMBER
control field 16949135
003 - CONTROL NUMBER IDENTIFIER
control field OSt
005 - DATE AND TIME OF LATEST TRANSACTION
control field 20150730103838.0
008 - FIXED-LENGTH DATA ELEMENTS--GENERAL INFORMATION
fixed length control field 110906s2012 paua 000 0 eng
010 ## - LIBRARY OF CONGRESS CONTROL NUMBER
LC control number 2011033345
020 ## - INTERNATIONAL STANDARD BOOK NUMBER
International Standard Book Number 9780811736329
020 ## - INTERNATIONAL STANDARD BOOK NUMBER
International Standard Book Number 0811736326
035 ## - SYSTEM CONTROL NUMBER
System control number (OCoLC)ocn751248289
040 ## - CATALOGING SOURCE
Original cataloging agency SEKU
042 ## - AUTHENTICATION CODE
Authentication code pcc
050 00 - LIBRARY OF CONGRESS CALL NUMBER
Classification number TR 724
Item number .S9 2012
100 1# - MAIN ENTRY--PERSONAL NAME
Personal name Sweet, Tony,
Dates associated with a name 1949-
245 10 - TITLE STATEMENT
Title Fine art flower photography :
Remainder of title creative techniques and the art of observation
Statement of responsibility, etc. Tony Sweet.
250 ## - EDITION STATEMENT
Edition statement 2nd ed.
260 ## - PUBLICATION, DISTRIBUTION, ETC. (IMPRINT)
Place of publication, distribution, etc. Mechanicsburg, PA :
Name of publisher, distributor, etc. Stackpole Books,
Date of publication, distribution, etc. c2012.
300 ## - PHYSICAL DESCRIPTION
Extent iii, 107 p. :
Other physical details col. ill. ;
Dimensions 22 cm.
500 ## - GENERAL NOTE
General note "Revised and updated to include digital techniques"--Cover.
650 #0 - SUBJECT ADDED ENTRY--TOPICAL TERM
Topical term or geographic name as entry element Photography of plants.
650 #0 - SUBJECT ADDED ENTRY--TOPICAL TERM
Topical term or geographic name as entry element Flowers
Form subdivision Pictorial works.
942 ## - ADDED ENTRY ELEMENTS (KOHA)
Source of classification or shelving scheme Library of Congress Classification
Koha item type General circulation
Holdings
Withdrawn status Lost status Source of classification or shelving scheme Damaged status Not for loan Home library Current library Shelving location Date acquired Source of acquisition Total Checkouts Full call number Barcode Date last seen Price effective from Koha item type Public note
    Library of Congress Classification     Main Campus Library Main Campus Library General Stacks 30/07/2015 Donation-Books for Africa   TR 724 .S9 2012 2015/005789 30/07/2015 30/07/2015 General circulation amk
Kitui, Kenya.
+254736116989
library@seku.ac.ke